Вып. 81 : Задачи гидродинамики со свободными границами; Динамика сплошной среды

Chi tiết về thư mục
Parent link:Динамика сплошной среды: сборник научных трудов/ Академия наук СССР (АН СССР), Сибирское отделение (СО), Институт гидродинамики им. М. А. Лаврентьева (ИГиЛ). Вып. 81 : Задачи гидродинамики со свободными границами.— , 1969-1996
Tác giả khác: Монахов В. Н. (редактор)
Ngôn ngữ:Tiếng Nga
Được phát hành: 1987
Những chủ đề:
Định dạng: MixedMaterials Sách
KOHA link:https://koha.lib.tpu.ru/cgi-bin/koha/opac-detail.pl?biblionumber=273937

MARC

LEADER 00000nam2a2200000 4500
001 273937
005 20231101234659.0
035 |a (RuTPU)RU\TPU\book\297147 
090 |a 273937 
100 |a 20141030d1987 k y0rusy50 ca 
101 0 |a rus 
102 |a RU 
105 |a a z 001zy 
200 0 |a Вып. 81 : Задачи гидродинамики со свободными границами  |f под ред. В. Н. Монахова 
210 |d 1987 
215 |a 156 с.  |c ил. 
320 |a Библиогр. в конце ст. 
461 1 |0 (RuTPU)RU\TPU\book\209749  |t Динамика сплошной среды  |o сборник научных трудов  |f Академия наук СССР (АН СССР), Сибирское отделение (СО), Институт гидродинамики им. М. А. Лаврентьева (ИГиЛ)  |v Вып. 81 : Задачи гидродинамики со свободными границами  |d 1969-1996 
606 1 |a Динамика сплошных сред  |2 stltpush  |3 (RuTPU)RU\TPU\subj\9514  |9 36744 
610 1 |a гидродинамика 
610 1 |a свободные границы 
610 1 |a задачи 
610 1 |a жидкости 
610 1 |a фильтрация 
610 1 |a краевые задачи 
610 1 |a атмосфера 
610 1 |a пограничный слой 
675 |a 531/534  |v 3 
702 1 |a Монахов  |b В. Н.  |4 340 
801 1 |a RU  |b 63413507  |c 20141030 
801 2 |a RU  |b 63413507  |c 20151014  |g RCR 
942 |c BK